| 000 | 00372cam a2200145ua 4500 | ||
|---|---|---|---|
| 020 | _a9780130920003 | ||
| 020 | _a0130920002 | ||
| 082 |
_a512 _bGOO/DI |
||
| 100 | _aEdar G, Goodaire . | ||
| 245 | _aDiscrete mathematics with graph theory / | ||
| 260 |
_a : _bPearson Education Asia , _c2003. |
||
| 300 | _a482 ; . | ||
| 700 | 1 | _aMichale, m Paramenter . | |
| 942 | _cBK | ||
| 999 |
_c12385 _d12385 |
||